| Record ID | marc_records_scriblio_net/part06.dat:64716550:1045 |
| Source | Scriblio |
| Download Link | /show-records/marc_records_scriblio_net/part06.dat:64716550:1045?format=raw |
LEADER: 01045cam 22002651 4500
001 68021806 //r87
003 DLC
005 19871211000000.0
008 701012s1968 lau b 00000 eng
010 $a 68021806 //r87
043 $an-usu--
050 0 $aHC107.A13$bP66
082 $a330.975
100 10 $aPhillips, Ulrich Bonnell,$d1877-1934.
245 14 $aThe slave economy of the Old South;$bselected essays in economic and social history.$cEdited and with an introd. by Eugene D. Genovese.
260 0 $aBaton Rouge,$bLouisiana State University Press$c[1968]
300 $axiv, 304 p.$c23 cm.
350 $a8.95
500 $a"A bibliography of the printed writings of Ulrich Bonnell Phillips, compiled by David M. Potter": p. 291-300.
504 $aIncludes bibliographical references.
650 0 $aSlavery$xEconomic aspects$zSouthern States.
650 0 $aPlantation life$zSouthern States.
651 0 $aSouthern States$xEconomic conditions.
651 0 $aSouthern States$xSocial conditions.
700 11 $aGenovese, Eugene D.,$d1930-$eed.